The Legend of Zelda, de A à Z - Statistiques

Statistiques générales
  • Ce quiz a été pris 93 fois
  • Le résultat moyen est 18 sur 26
Statistiques - réponses
Indices Réponses % Correct
Permettent de restaurer la santé Coeur
97%
Jument de Link particulièrement sensible au chant de Malon Epona
92%
Royaume légendaire au coeur de cette saga Hyrule
89%
Peuple particulièrement friand de pierres Gorons
88%
Monnaie principale de cet univers Rubis
85%
Cet opus se déroule sur une terre submergée par les flots Wind Waker
85%
Dans Skyward Sword, on affronte celui du néant Avatar
83%
Trouver toutes leurs noix dans Breath of the Wild ou Totk est une épreuve de patience certaine Korogu
83%
Triangle d'or particulièrement puissant et convoité Triforce
83%
Membre des Sheikas au service de la famille royale Impa
82%
Peuple dont sont issus Sidon, Mipha ou Ruto Zora
82%
Elles sont nombreuses et détournent le héros de l histoire principale Quêtes
76%
Ennemi coriace récurrent de la série, sorte de centaure à tête de lion Lynel
73%
Porteur du masque de Majora qui subtilise son ocarina à Link Skull Kid
71%
Clan de Sheikas hostiles, experts en déguisement Yigas
71%
Sur la version Wii de Skyward Sword, elle vous alertera lorsque vos piles seront déchargées Fay
68%
L un des prodiges de Breath of the Wild, guerriere Gerudo aux abdos saillants Urbosa
67%
Sorcier et roi autoproclamé du Crépuscule Xanto
67%
Poisson géant, dans Ocarina of Time il réside dans la fontaine Zora Jabu Jabu
62%
Serie de deux jeux complémentaires sortis en 2001 sur Game Boy Color Oracle
62%
Dans Link's Awakening, action possible dans le magasin qui implique cependant un changement définitif de votre nom Voler
56%
Déesse de la sagesse et de l'eau Nayru
55%
Profitant de son contrat avec Nintendo, cette marque a publié 3 jeux de cet univers sur son CDI, surnommés la Triforce de la honte Philips
33%
Ennemi récurrent, plante carnivore Baba mojo
30%
Ennemis réguliers en armures et armés de lourdes épées Darknut
26%
Apparue dans Twilight Princess et jouable dans Hyrule Warriors, cette demoiselle adore les insectes Machaon
26%
Aucun quiz correspondant
Distribution des résultats
% des personnes avec chaque résultat
Percentile par nombre de réponses
Votre historique - résultats
Vous n’avez pas pris ce quiz